000 00783cam a2200253 4500
001 1236964
003 ARRUPE
005 20150220020008.0
008 700227r19701912nyuc b 000 0 eng
010 _a 70103174
020 _a0804608113
040 _aDLC
_cDLC
_dDLC
050 0 0 _aB2430.B43
_bC29 1970
082 0 0 _a194
100 1 _aCarr, Herbert Wildon,
_d1857-1931.
_910594
245 0 0 _aHenri Bergson: the philosophy of change,
_cby H. Wildon Carr.
260 _aPort Washington, N.Y.,
_bKennikat Press
_c[1970]
300 _aix, 91, [1] p.
_bport.
_c18 cm.
500 _aReprint of the 1912 ed.
504 _aBibliography: p. [92]
600 1 0 _aBergson, Henri,
_d1859-1941.
_910595
906 _a7
_bcbc
_corignew
_du
_encip
_f19
_gy-gencatlg
942 _2lcc
_cMONOGRAPH
_01
999 _c120614
_d120614